=LDR 00000nam 2200000 4500 =001 INLIS000000000053548 =005 20181019040829 =035 ##$$a 0010-1018000163 =245 1#$$a Komplet Akuntansi untuk UKM dan Waralaba /$c Akifa P.Nayla, S.E.,Akt. =100 #$$a Akifa P.Nayla =250 ##$$a Ed. 1 =300 ##$$a 260 hlm. : $b Ilus ; $c 14x21 cm =260 ##$$a Yogyakarta :$b Laksana,$c 2014 =082 ##$$a 657.9 =084 ##$$a 657.9 AKI k =020 ##$$a 978-602-255-451-6 =650 ##$$a Akuntansi Wirausaha